000 01361nam a2200337 a 4500
001 ebr10715704
003 CaPaEBR
006 m o u
007 cr cn|||||||||
008 130613s2013 si sb 001 0 eng d
020 _z9789814339599
020 _z9789814339698 (e-book)
040 _aCaPaEBR
_cCaPaEBR
035 _a(OCoLC)849950036
041 1 _aeng
_hchi
043 _aa-cc---
050 1 4 _aKNQ465
_b.R47 2013eb
245 0 0 _aResearch report on the socialist legal system with Chinese characteristics
_h[electronic resource] .
_nVolume 3 /
_cedited by Zhu Jingwen and Han Dayuan.
260 _aSingapore :
_bEnrich Professional Pub.,
_c2013.
300 _a228 p.
490 0 _aResearch report on the socialist legal system with Chinese characteristics ;
_vv. 3
504 _aIncludes bibliographical references and index.
533 _aElectronic reproduction.
_bPalo Alto, Calif. :
_cebrary,
_d2013.
_nAvailable via World Wide Web.
_nAccess may be limited to ebrary affiliated libraries.
650 0 _aSociological jurisprudence
_zChina.
650 0 _aLaw and socialism.
655 7 _aElectronic books.
_2local
700 1 _aJingwen, Zhu.
700 1 _aDayuan, Han.
710 2 _aebrary, Inc.
856 4 0 _uhttp://site.ebrary.com/lib/rucke/Doc?id=10715704
_zAn electronic book accessible through the World Wide Web; click to view
999 _c27836
_d27836